[Event "Hamburg-chT Landesliga 2122"]
[Site "Hamburg"]
[Date "2022.05.15"]
[Round "4.1"]
[White "Schellhorn, Wolfgang"]
[Black "Popist, Florian"]
[Result "0-1"]
[WhiteElo "2116"]
[BlackElo "2136"]
[PlyCount "108"]
[EventDate "2021.10.31"]
[EventType "team-tourn"]
[EventRounds "9"]
[EventCountry "GER"]
[SourceTitle "EXT 2023"]
[Source "ChessBase"]
[SourceDate "2022.10.05"]
[SourceVersion "1"]
[SourceVersionDate "2022.10.05"]
[SourceQuality "1"]
[WhiteTeam "Hamburger SK V"]
[BlackTeam "Weisse Dame"]
[WhiteTeamCountry "GER"]
[BlackTeamCountry "GER"]

1. e4 c5 2. Nf3 Nc6 3. d4 cxd4 4. Nxd4 g6 5. c4 Nf6 6. Nc3 Bg7 7. Be3 d6 8. f3 0-0 9. Qd2 Nd7 10. Be2 Nxd4 11. Bxd4 Bxd4 12. Qxd4 Qb6 13. Qd2 Nf6 14. 0-0-0 Be6 15. Kb1 Rac8 16. Nd5 Bxd5 17. exd5 Rc5 18. g4 Rfc8 19. h4 Qd8 20. h5 Qf8 21. Bd3 b5 22. b3 bxc4 23. Bxc4 Qg7 24. Qd4 Nd7 25. Qxg7+ Kxg7 26. h6+ Kf8 27. Rd2 R8c7 28. Rhd1 Ne5 29. Be2 g5 30. Rd4 Rc2 31. R4d2 R2c3 32. Rf1 f6 33. Kb2 Kf7 34. f4 gxf4 35. Rxf4 Kg6 36. Ra4 R3c5 37. Bd1 Kxh6 38. Bc2 Kg7 39. Bf5 h6 40. Be6 Rb7 41. Rc2 Nd3+ 42. Kb1 Rxc2 43. Kxc2 Nc5 44. Rc4 Nxe6 45. dxe6 Kg6 46. Kd3 f5 47. b4 fxg4 48. Rxg4+ Kf5 49. Rh4 Kxe6 50. Rxh6+ Kd5 51. Rh7 Kc6 52. a3 e5 53. Rh6 Kd5 54. Rh5 Rf7 0-1

[Event "Erfurt op-A 29th"]
[Site "Erfurt"]
[Date "2019.12.29"]
[Round "6"]
[White "Heyder, Florian"]
[Black "Popist, Florian"]
[Result "1-0"]
[WhiteElo "2205"]
[BlackElo "2076"]
[PlyCount "67"]
[EventDate "2019.12.26"]
[EventType "swiss"]
[EventRounds "8"]
[EventCountry "GER"]
[SourceTitle "CBM 194 Extra"]
[Source "ChessBase"]
[SourceDate "2020.03.31"]
[SourceVersion "1"]
[SourceVersionDate "2020.03.31"]
[SourceQuality "1"]

1. d4 d5 2. c4 e6 3. Nc3 Be7 4. Nf3 Nf6 5. e3 0-0 6. Bd3 b6 7. 0-0 dxc4 8. Bxc4 Bb7 9. b3 c5 10. Bb2 cxd4 11. Nxd4 Nc6 12. Nxc6 Bxc6 13. Qe2 Bc5 14. Rfd1 Qe7 15. e4 Rfd8 16. e5 Ne8 17. Ne4 Ba3 18. Bc3 Bb4 19. Bd4 Bd5 20. Bb5 a6 21. Bc4 b5 22. Bxd5 Rxd5 23. Bb2 Rad8 24. Rxd5 Rxd5 25. h3 Ba5 26. Rc1 h6 27. Rc6 Bc7 28. f4 a5 29. Qc2 Qd7 30. Kh2 f5 31. exf6 gxf6 32. Nxf6+ Nxf6 33. Rxc7 Qd6 34. Qg6+ 1-0

[Event "Erfurt op-A 29th"]
[Site "Erfurt"]
[Date "2019.12.26"]
[Round "1"]
[White "Popist, Florian"]
[Black "Pellicoro, Nathalie"]
[Result "1/2-1/2"]
[WhiteElo "2076"]
[BlackElo "1860"]
[PlyCount "135"]
[EventDate "2019.12.26"]
[EventType "swiss"]
[EventRounds "8"]
[EventCountry "GER"]
[SourceTitle "CBM 194 Extra"]
[Source "ChessBase"]
[SourceDate "2020.03.31"]
[SourceVersion "1"]
[SourceVersionDate "2020.03.31"]
[SourceQuality "1"]

1. e4 c5 2. Nf3 e6 3. d4 cxd4 4. Nxd4 Nc6 5. Nb5 d6 6. c4 a6 7. N5c3 Nf6 8. Be2 Be7 9. Be3 Rb8 10. 0-0 0-0 11. Na3 Qa5 12. Rc1 Rd8 13. Qb3 Nb4 14. Nc2 d5 15. cxd5 exd5 16. a3 Nxc2 17. Bb6 Nd4 18. Bxd4 b5 19. e5 Ne4 20. Nxe4 dxe4 21. Qe3 Bg5 22. Qxg5 Rxd4 23. Qe3 Qd2 24. Rcd1 Qxe3 25. fxe3 Rxd1 26. Rxd1 Be6 27. Rd6 Ra8 28. a4 bxa4 29. Rxa6 Rxa6 30. Bxa6 Bb3 31. Kf2 g5 32. Bb7 Bc2 33. Ke2 Kf8 34. Kd2 Bb3 35. Bxe4 h5 36. Kc3 Ke7 37. Kd4 Ke6 38. Bc6 h4 39. e4 Bc2 40. Bd5+ Ke7 41. Kc3 Bb1 42. g3 hxg3 43. hxg3 Ke8 44. Bc6+ Ke7 45. Bxa4 Bxe4 46. Kd4 Bb7 47. b4 f5 48. exf6+ Kxf6 49. Bc2 Ke6 50. b5 Kd6 51. Be4 Bc8 52. b6 Ba6 53. Kc3 Be2 54. Kb4 Bf1 55. Bf3 Ba6 56. g4 Bf1 57. Kc3 Bb5 58. Kb4 Bf1 59. Ka5 Bd3 60. Bd1 Kc6 61. Ba4+ Kb7 62. Bd7 Be2 63. Bf5 Bd1 64. Kb5 Be2+ 65. Kc5 Bf3 66. Bd7 Be2 67. Be6 Bd1 68. Bd5+ 1/2-1/2

[Event "JBLN West 1819"]
[Site "Germany"]
[Date "2019.05.19"]
[Round "9.1"]
[White "Popist, Florian"]
[Black "Arndt, Magnus"]
[Result "1-0"]
[WhiteElo "2005"]
[BlackElo "2168"]
[PlyCount "83"]
[EventDate "2018.09.23"]
[EventType "team-tourn"]
[EventRounds "9"]
[EventCountry "GER"]
[SourceTitle "EXT 2020"]
[Source "ChessBase"]
[SourceDate "2019.10.17"]
[SourceVersion "1"]
[SourceVersionDate "2019.10.17"]
[SourceQuality "1"]
[WhiteTeam "Weisse Dame U20"]
[BlackTeam "Kiel Doppelbauer U20"]
[WhiteTeamCountry "GER"]
[BlackTeamCountry "GER"]

1. e4 e5 2. Nf3 Nc6 3. d4 exd4 4. Nxd4 Bc5 5. Nxc6 Qf6 6. Qf3 bxc6 7. Nc3 d6 8. Bd3 Qxf3 9. gxf3 Rb8 10. Rg1 g6 11. Ke2 Ne7 12. Na4 Bd4 13. Be3 Bxe3 14. fxe3 Be6 15. b3 f5 16. Nc3 Kd7 17. exf5 Bxf5 18. e4 Be6 19. f4 Rhf8 20. Raf1 Rbe8 21. Kd2 Rf7 22. Ne2 Ref8 23. Ke3 c5 24. h4 d5 25. c3 dxe4 26. Bxe4 Nf5+ 27. Bxf5 Bxf5 28. Kf2 Kc6 29. Rd1 a5 30. Rg3 Re7 31. Re3 Rxe3 32. Kxe3 Re8+ 33. Kf2 Rxe2+ 34. Kxe2 Bg4+ 35. Kd2 Bxd1 36. Kxd1 Kd5 37. Kd2 Ke4 38. a4 Kxf4 39. b4 cxb4 40. cxb4 Ke4 41. bxa5 Kd5 42. a6 1-0

[Event "GER-ch U14"]
[Site "Willingen"]
[Date "2018.05.21"]
[Round "3"]
[White "Popist, Florian"]
[Black "Colbow, Collin"]
[Result "1/2-1/2"]
[WhiteElo "1894"]
[BlackElo "2103"]
[PlyCount "43"]
[EventDate "2018.05.19"]
[EventType "swiss"]
[EventRounds "9"]
[EventCountry "GER"]
[SourceTitle "CBM 184 Extra"]
[Source "ChessBase"]
[SourceDate "2018.06.28"]
[SourceVersion "1"]
[SourceVersionDate "2018.06.28"]
[SourceQuality "1"]

1. e4 c5 2. Nf3 d6 3. d4 cxd4 4. Nxd4 Nf6 5. Nc3 g6 6. Be3 Bg7 7. f3 0-0 8. Qd2 Nc6 9. 0-0-0 d5 10. exd5 Nxd5 11. Nxc6 bxc6 12. Bd4 Bxd4 13. Qxd4 Qb6 14. Na4 Qc7 15. Nc5 Rb8 16. Bc4 e5 17. Qd2 Rd8 18. g4 Qe7 19. Qf2 Qg5+ 20. Qd2 Qe7 21. Qf2 Qg5+ 22. Qd2 1/2-1/2

[Event "Hamburg CC Easter op 4th"]
[Site "Hamburg"]
[Date "2018.03.31"]
[Round "4"]
[White "Popist, Florian"]
[Black "Holinka, Henning"]
[Result "0-1"]
[WhiteElo "1847"]
[BlackElo "2159"]
[PlyCount "64"]
[EventDate "2018.03.30"]
[EventType "swiss"]
[EventRounds "7"]
[EventCountry "GER"]
[SourceTitle "CBM 183 Extra"]
[Source "ChessBase"]
[SourceDate "2018.04.19"]
[SourceVersion "1"]
[SourceVersionDate "2018.04.19"]
[SourceQuality "1"]

1. e4 g6 2. d4 Bg7 3. Be3 d6 4. Nc3 a6 5. Qd2 Nd7 6. Nf3 b5 7. a4 b4 8. Nd5 a5 9. c3 e6 10. Nf4 Bb7 11. cxb4 axb4 12. d5 exd5 13. exd5 Ngf6 14. Bc4 Ne5 15. Nxe5 dxe5 16. Bb5+ Kf8 17. Nd3 Nxd5 18. Bc5+ Kg8 19. 0-0 Nf4 20. f3 Qd5 21. Rac1 Bh6 22. Bc4 Nxd3 23. Bxd5 Bxd2 24. Bxb7 Rb8 25. Rc2 Nxc5 26. Rxd2 Rxb7 27. a5 Nb3 28. Rd5 Kg7 29. Rxe5 Ra8 30. Rd1 c5 31. Rd3 c4 32. Rdd5 c3 0-1